[Event "Deutscher Mix-Teampokal U12 2025"]
[Site "Bad Homburg GER"]
[Date "2025.07.19"]
[Round "3"]
[White "Atal, Parsa"]
[Black "Chupikov, Mark"]
[Result "1-0"]
[Termination "normal"]
[Board "1.2"]
[WhiteElo "1776"]
[BlackElo "1409"]
[WhiteClock "00:23:17"]
[BlackClock "00:40:19"]
[WhiteTeam "SC Noris-Tarrasch Nürnberg 1873"]
[BlackTeam "SC Zitadelle Spandau 1977"]
[PlyCount "79"]
[WhiteFideId "533026572"]
[BlackFideId "34680721"]
[EventCountry "GER"]
[EventRounds "5"]
[EventType "team-swiss"]
[EventDate "2025.07.18"]

1. e4 {[%clk 00:55:05]} {[%emt 00:00:02]} c6 {[%clk 00:54:50]} {[%emt
00:00:25]} 2. d4 {[%clk 00:55:04]} {[%emt 00:00:05]} d5 {[%clk 00:54:52]}
{[%emt 00:00:04]} 3. exd5 {[%clk 00:55:03]} {[%emt 00:00:06]} cxd5 {[%clk
00:54:55]} {[%emt 00:00:01]} 4. Bd3 {[%clk 00:54:57]} {[%emt 00:00:11]} Nc6
{[%clk 00:54:56]} {[%emt 00:00:05]} 5. c3 {[%clk 00:54:56]} {[%emt 00:00:06]}
Nf6 {[%clk 00:54:52]} {[%emt 00:00:09]} 6. h3 {[%clk 00:54:40]} {[%emt
00:00:21]} e5 {[%clk 00:54:37]} {[%emt 00:00:20]} 7. dxe5 {[%clk 00:54:38]}
{[%emt 00:00:07]} Nxe5 {[%clk 00:54:34]} {[%emt 00:00:08]} 8. Bc2 {[%clk
00:54:07]} {[%emt 00:00:36]} Bd6 {[%clk 00:54:01]} {[%emt 00:00:35]} 9. Nf3
{[%clk 00:53:19]} {[%emt 00:00:56]} Nxf3+ {[%clk 00:53:59]} {[%emt 00:00:07]}
10. Qxf3 {[%clk 00:53:17]} {[%emt 00:00:07]} Qe7+ {[%clk 00:54:03]} {[%emt
00:00:01]} 11. Qe3 {[%clk 00:51:32]} {[%emt 00:01:50]} O-O {[%clk 00:53:51]}
{[%emt 00:00:17]} 12. O-O {[%clk 00:51:00]} {[%emt 00:00:37]} Re8 {[%clk
00:53:48]} {[%emt 00:00:08]} 13. Qxe7 {[%clk 00:49:27]} {[%emt 00:01:38]} Rxe7
{[%clk 00:53:43]} {[%emt 00:00:10]} 14. Be3 {[%clk 00:48:04]} {[%emt 00:01:28]}
Bd7 {[%clk 00:53:27]} {[%emt 00:00:21]} 15. Nd2 {[%clk 00:46:09]} {[%emt
00:02:00]} b6 {[%clk 00:52:47]} {[%emt 00:00:44]} 16. Nb3 {[%clk 00:41:58]}
{[%emt 00:04:16]} Rae8 {[%clk 00:51:26]} {[%emt 00:01:27]} 17. Rfd1 {[%clk
00:40:22]} {[%emt 00:01:40]} Bc6 {[%clk 00:50:14]} {[%emt 00:01:15]} 18. Nd4
{[%emt 00:01:00]} Bb7 {[%clk 00:49:45]} {[%emt 00:00:30]} 19. Nf5 {[%clk
00:38:36]} {[%emt 00:01:02]} Rd7 {[%clk 00:49:22]} {[%emt 00:00:28]} 20. Ba4
{[%clk 00:37:50]} {[%emt 00:00:51]} Rxe3 {[%clk 00:45:53]} {[%emt 00:03:34]}
21. Bxd7 {[%clk 00:31:02]} {[%emt 00:06:54]} Nxd7 {[%clk 00:44:34]} {[%emt
00:01:24]} 22. Nxd6 {[%clk 00:30:13]} {[%emt 00:00:53]} Re2 {[%clk 00:44:27]}
{[%emt 00:00:13]} 23. Nxb7 {[%clk 00:30:09]} {[%emt 00:00:08]} Rxb2 {[%clk
00:44:22]} {[%emt 00:00:10]} 24. Rxd5 {[%clk 00:30:06]} {[%emt 00:00:09]} Nf8
{[%clk 00:44:02]} {[%emt 00:00:25]} 25. Nd6 {[%clk 00:27:39]} {[%emt 00:02:32]}
Rc2 {[%clk 00:43:21]} {[%emt 00:00:47]} 26. Nc8 {[%clk 00:26:34]} {[%emt
00:01:04]} g6 {[%clk 00:43:19]} {[%emt 00:00:12]} 27. Nxa7 {[%clk 00:26:15]}
{[%emt 00:00:23]} Rxc3 {[%clk 00:43:21]} {[%emt 00:00:04]} 28. Rd6 {[%clk
00:25:56]} {[%emt 00:00:24]} Ne6 {[%clk 00:43:10]} {[%emt 00:00:16]} 29. Rxb6
{[%clk 00:25:43]} {[%emt 00:00:18]} Nd4 {[%clk 00:42:55]} {[%emt 00:00:19]} 30.
Nb5 {[%clk 00:24:17]} {[%emt 00:01:31]} Nxb5 {[%clk 00:41:24]} {[%emt
00:01:37]} 31. Rxb5 {[%clk 00:24:15]} {[%emt 00:00:07]} Rc7 {[%clk 00:41:17]}
{[%emt 00:00:12]} 32. a4 {[%clk 00:24:15]} {[%emt 00:00:04]} Ra7 {[%clk
00:41:14]} {[%emt 00:00:08]} 33. a5 {[%clk 00:24:13]} {[%emt 00:00:08]} Kg7
{[%clk 00:41:07]} {[%emt 00:00:12]} 34. a6 {[%clk 00:24:12]} {[%emt 00:00:06]}
Rxa6 {[%clk 00:40:46]} {[%emt 00:00:26]} 35. Rxa6 {[%clk 00:24:08]} {[%emt
00:00:08]} h5 {[%clk 00:40:44]} {[%emt 00:00:07]} 36. h4 {[%clk 00:24:02]}
{[%emt 00:00:11]} f6 {[%clk 00:40:40]} {[%emt 00:00:10]} 37. Rb7+ {[%clk
00:23:50]} {[%emt 00:00:17]} Kh6 {[%clk 00:40:35]} {[%emt 00:00:09]} 38. f4
{[%clk 00:23:25]} {[%emt 00:00:29]} f5 {[%clk 00:40:32]} {[%emt 00:00:08]} 39.
Ra1 {[%clk 00:23:16]} {[%emt 00:00:14]} g5 {[%clk 00:40:19]} {[%emt 00:00:18]}
40. Ra6# {[%clk 00:23:17]} {[%emt 00:00:05]} 1-0

[Event "Deutscher Mix-Teampokal U12 2025"]
[Site "Bad Homburg GER"]
[Date "2025.07.19"]
[Round "3"]
[White "Chupikov, Oleksii junior"]
[Black "Bharathula, Akhila"]
[Result "1/2-1/2"]
[Termination "normal"]
[Board "1.3"]
[WhiteElo "1600"]
[BlackElo "1616"]
[WhiteClock "00:07:35"]
[BlackClock "00:00:16"]
[WhiteTeam "SC Zitadelle Spandau 1977"]
[BlackTeam "SC Noris-Tarrasch Nürnberg 1873"]
[PlyCount "107"]
[WhiteFideId "533004943"]
[BlackFideId "34641777"]
[EventCountry "GER"]
[EventRounds "5"]
[EventType "team-swiss"]
[EventDate "2025.07.18"]

1. e4 {[%clk 00:55:08]} {[%emt 00:00:02]} e5 {[%clk 00:55:06]} {[%emt
00:00:04]} 2. Nf3 {[%clk 00:55:10]} {[%emt 00:00:03]} Nc6 {[%clk 00:55:04]}
{[%emt 00:00:07]} 3. Bc4 {[%clk 00:55:12]} {[%emt 00:00:03]} Bc5 {[%clk
00:55:03]} {[%emt 00:00:05]} 4. Nc3 {[%clk 00:55:12]} {[%emt 00:00:06]} d6
{[%clk 00:55:03]} {[%emt 00:00:04]} 5. d3 {[%clk 00:55:14]} {[%emt 00:00:05]}
Bg4 {[%clk 00:54:57]} {[%emt 00:00:10]} 6. h3 {[%clk 00:55:15]} {[%emt
00:00:04]} Be6 {[%clk 00:54:55]} {[%emt 00:00:07]} 7. Bxe6 {[%clk 00:54:52]}
{[%emt 00:00:28]} fxe6 {[%clk 00:54:47]} {[%emt 00:00:13]} 8. Be3 {[%clk
00:54:54]} {[%emt 00:00:03]} Bb6 {[%clk 00:54:14]} {[%emt 00:00:38]} 9. Bxb6
{[%clk 00:54:53]} {[%emt 00:00:06]} axb6 {[%clk 00:54:14]} {[%emt 00:00:05]}
10. a3 {[%clk 00:54:51]} {[%emt 00:00:07]} Nf6 {[%clk 00:53:55]} {[%emt
00:00:23]} 11. O-O {[%clk 00:54:49]} {[%emt 00:00:07]} O-O {[%clk 00:53:13]}
{[%emt 00:00:48]} 12. Qd2 {[%clk 00:54:48]} {[%emt 00:00:05]} h6 {[%clk
00:52:58]} {[%emt 00:00:21]} 13. Ne2 {[%clk 00:54:04]} {[%emt 00:00:49]} d5
{[%clk 00:52:34]} {[%emt 00:00:29]} 14. exd5 {[%clk 00:53:43]} {[%emt
00:00:26]} exd5 {[%clk 00:52:21]} {[%emt 00:00:18]} 15. Rae1 {[%clk 00:53:42]}
{[%emt 00:00:07]} e4 {[%clk 00:47:22]} {[%emt 00:05:03]} 16. dxe4 {[%clk
00:53:37]} {[%emt 00:00:09]} Nxe4 {[%clk 00:47:17]} {[%emt 00:00:10]} 17. Qd3
{[%clk 00:53:16]} {[%emt 00:00:24]} Nc5 {[%clk 00:45:27]} {[%emt 00:01:58]} 18.
Qd2 {[%clk 00:52:37]} {[%emt 00:00:43]} Qd6 {[%clk 00:43:02]} {[%emt 00:02:30]}
19. Ng3 {[%clk 00:52:00]} {[%emt 00:00:44]} Rae8 {[%clk 00:40:21]} {[%emt
00:02:45]} 20. Nf5 {[%clk 00:49:13]} {[%emt 00:02:52]} Qd7 {[%clk 00:39:03]}
{[%emt 00:01:16]} 21. N5d4 {[%clk 00:49:04]} {[%emt 00:00:20]} Ne4 {[%clk
00:38:32]} {[%emt 00:00:36]} 22. Qd1 {[%clk 00:48:07]} {[%emt 00:01:03]} Nxd4
{[%clk 00:35:20]} {[%emt 00:03:17]} 23. Qxd4 {[%clk 00:47:48]} {[%emt
00:00:23]} c5 {[%clk 00:30:55]} {[%emt 00:04:30]} 24. Qd1 {[%clk 00:45:51]}
{[%emt 00:02:03]} Qc6 {[%clk 00:26:52]} {[%emt 00:03:53]} 25. Qd3 {[%clk
00:44:45]} {[%emt 00:01:21]} Kh8 {[%clk 00:24:31]} {[%emt 00:02:32]} 26. Re2
{[%clk 00:42:20]} {[%emt 00:02:29]} Qf6 {[%clk 00:19:21]} {[%emt 00:05:11]} 27.
b3 {[%clk 00:40:48]} {[%emt 00:01:41]} Ra8 {[%clk 00:17:41]} {[%emt 00:01:44]}
28. a4 {[%clk 00:40:44]} {[%emt 00:00:10]} Rac8 {[%clk 00:17:25]} {[%emt
00:00:13]} 29. Nd2 {[%clk 00:40:07]} {[%emt 00:00:50]} Nc3 {[%clk 00:16:44]}
{[%emt 00:00:41]} 30. Re3 {[%clk 00:35:42]} {[%emt 00:04:33]} d4 {[%clk
00:15:55]} {[%emt 00:00:55]} 31. Ree1 {[%clk 00:34:49]} {[%emt 00:00:58]} Nd5
{[%clk 00:13:58]} {[%emt 00:02:03]} 32. Qf3 {[%clk 00:32:51]} {[%emt 00:02:03]}
Qc6 {[%clk 00:10:41]} {[%emt 00:03:08]} 33. Qg3 {[%clk 00:31:28]} {[%emt
00:01:40]} Nf4 {[%clk 00:09:54]} {[%emt 00:00:54]} 34. Qf3 {[%clk 00:30:37]}
{[%emt 00:00:56]} Qg6 {[%clk 00:09:25]} {[%emt 00:00:31]} 35. Qe4 {[%clk
00:26:03]} {[%emt 00:04:42]} Rf5 {[%clk 00:07:00]} {[%emt 00:02:21]} 36. Kh2
{[%clk 00:21:11]} {[%emt 00:05:07]} Rcf8 {[%clk 00:03:24]} {[%emt 00:03:41]}
37. g4 {[%clk 00:20:26]} {[%emt 00:00:49]} R5f7 {[%clk 00:03:00]} {[%emt
00:00:26]} 38. Qxg6 {[%clk 00:18:37]} {[%emt 00:01:57]} Nxg6 {[%clk 00:03:03]}
{[%emt 00:00:02]} 39. Kg3 {[%clk 00:18:24]} {[%emt 00:00:15]} Nf4 {[%clk
00:02:23]} {[%emt 00:00:48]} 40. Ne4 {[%clk 00:17:30]} {[%emt 00:00:59]} Re7
{[%clk 00:01:49]} {[%emt 00:00:38]} 41. f3 {[%clk 00:16:36]} {[%emt 00:01:00]}
Nd5 {[%clk 00:01:20]} {[%emt 00:00:33]} 42. Rf2 {[%clk 00:14:46]} {[%emt
00:01:55]} Ne3 {[%clk 00:01:23]} {[%emt 00:00:03]} 43. Ree2 {[%clk 00:14:12]}
{[%emt 00:00:39]} Rd8 {[%clk 00:00:59]} {[%emt 00:00:29]} 44. c4 {[%clk
00:12:43]} {[%emt 00:01:34]} Nd1 {[%clk 00:00:46]} {[%emt 00:00:18]} 45. Rf1
{[%clk 00:12:22]} {[%emt 00:00:19]} Ne3 {[%clk 00:00:50]} {[%emt 00:00:08]} 46.
Rfe1 {[%clk 00:11:45]} {[%emt 00:00:39]} Ree8 {[%clk 00:00:48]} {[%emt
00:00:10]} 47. h4 {[%clk 00:11:14]} {[%emt 00:00:36]} Kh7 {[%clk 00:00:45]}
{[%emt 00:00:08]} 48. h5 {[%clk 00:10:55]} {[%emt 00:00:24]} Kg8 {[%clk
00:00:42]} {[%emt 00:00:07]} 49. Kh4 {[%clk 00:09:48]} {[%emt 00:01:13]} Rf8
{[%clk 00:00:40]} {[%emt 00:00:07]} 50. Kg3 {[%clk 00:09:45]} {[%emt 00:00:08]}
Rfe8 {[%clk 00:00:44]} 51. Kh4 {[%clk 00:09:42]} {[%emt 00:00:09]} Rf8 {[%clk
00:00:48]} {[%emt 00:00:01]} 52. Kg3 {[%clk 00:09:24]} {[%emt 00:00:22]} Rfe8
{[%clk 00:00:52]} {[%emt 00:00:01]} 53. g5 {[%clk 00:09:00]} {[%emt 00:00:30]}
Re5 {[%clk 00:00:16]} {[%emt 00:00:39]} 54. Kh4 {[%clk 00:07:35]} {[%emt
00:01:31]} 1/2-1/2

[Event "Deutscher Mix-Teampokal U12 2025"]
[Site "Bad Homburg GER"]
[Date "2025.07.19"]
[Round "3"]
[White "Mishra, Aarna"]
[Black "Konatham, Kundana Sree"]
[Result "0-1"]
[Termination "normal"]
[Board "1.4"]
[WhiteElo "1462"]
[BlackElo "1037"]
[WhiteClock "00:01:55"]
[BlackClock "00:55:05"]
[WhiteTeam "SC Noris-Tarrasch Nürnberg 1873"]
[BlackTeam "SC Zitadelle Spandau 1977"]
[PlyCount "120"]
[WhiteFideId "533024804"]
[BlackFideId "34639691"]
[EventCountry "GER"]
[EventRounds "5"]
[EventType "team-swiss"]
[EventDate "2025.07.18"]

1. e4 {[%clk 00:55:07]} {[%emt 00:00:03]} c5 {[%emt 00:00:44]} 2. Nc3 {[%clk
00:54:11]} {[%emt 00:00:22]} d6 {[%clk 00:55:06]} {[%emt 00:00:05]} 3. Bc4
{[%clk 00:51:43]} {[%emt 00:02:33]} Nf6 {[%clk 00:55:03]} {[%emt 00:00:07]} 4.
Nge2 {[%clk 00:50:10]} {[%emt 00:01:38]} g6 {[%clk 00:54:59]} {[%emt 00:00:08]}
5. d3 {[%clk 00:48:31]} {[%emt 00:01:45]} Bg7 {[%clk 00:54:56]} {[%emt
00:00:08]} 6. Be3 {[%clk 00:46:30]} {[%emt 00:02:06]} O-O {[%clk 00:54:41]}
{[%emt 00:00:20]} 7. O-O {[%clk 00:46:16]} {[%emt 00:00:19]} Nc6 {[%clk
00:54:31]} {[%emt 00:00:14]} 8. h3 {[%clk 00:45:16]} {[%emt 00:01:06]} a6
{[%clk 00:54:27]} {[%emt 00:00:10]} 9. f4 {[%clk 00:40:17]} {[%emt 00:04:59]}
Re8 {[%clk 00:53:01]} {[%emt 00:01:35]} 10. Qe1 {[%clk 00:37:56]} {[%emt
00:02:26]} e5 {[%clk 00:48:38]} {[%emt 00:04:28]} 11. Qg3 {[%clk 00:32:34]}
{[%emt 00:05:27]} Be6 {[%clk 00:44:58]} {[%emt 00:03:45]} 12. Bb3 {[%clk
00:32:17]} {[%emt 00:00:21]} b5 {[%clk 00:39:09]} {[%emt 00:05:55]} 13. a3
{[%clk 00:30:56]} {[%emt 00:01:27]} Rb8 {[%clk 00:38:48]} {[%emt 00:00:25]} 14.
f5 {[%clk 00:26:29]} {[%emt 00:04:31]} Bxb3 {[%clk 00:38:46]} {[%emt 00:00:08]}
15. cxb3 {[%clk 00:26:26]} {[%emt 00:00:08]} Nd4 {[%clk 00:34:09]} {[%emt
00:04:42]} 16. Bxd4 {[%clk 00:20:43]} {[%emt 00:05:48]} cxd4 {[%clk 00:34:01]}
{[%emt 00:00:13]} 17. Nd1 {[%clk 00:20:32]} {[%emt 00:00:16]} Rc8 {[%clk
00:33:27]} {[%emt 00:00:39]} 18. Nf2 {[%clk 00:16:16]} {[%emt 00:04:21]} Rc2
{[%clk 00:32:36]} {[%emt 00:00:56]} 19. Rae1 {[%clk 00:14:44]} {[%emt
00:01:36]} Rxb2 {[%clk 00:32:30]} {[%emt 00:00:12]} 20. b4 {[%clk 00:14:33]}
{[%emt 00:00:16]} Ra2 {[%clk 00:32:20]} {[%emt 00:00:15]} 21. Ra1 {[%clk
00:12:57]} {[%emt 00:01:41]} Rxa1 {[%clk 00:32:09]} {[%emt 00:00:17]} 22. Rxa1
{[%clk 00:12:50]} {[%emt 00:00:11]} Qc7 {[%clk 00:31:50]} {[%emt 00:00:24]} 23.
Rc1 {[%clk 00:11:57]} {[%emt 00:00:56]} Qd7 {[%clk 00:31:41]} {[%emt 00:00:15]}
24. Qf3 {[%clk 00:09:04]} {[%emt 00:02:57]} Rc8 {[%clk 00:31:29]} {[%emt
00:00:19]} 25. Ng4 {[%clk 00:07:31]} {[%emt 00:01:38]} Nxg4 {[%clk 00:31:14]}
{[%emt 00:00:20]} 26. Qxg4 {[%clk 00:06:17]} {[%emt 00:01:19]} Rxc1+ {[%clk
00:30:44]} {[%emt 00:00:36]} 27. Nxc1 {[%clk 00:06:15]} {[%emt 00:00:06]} Qc8
{[%clk 00:30:45]} {[%emt 00:00:04]} 28. Ne2 {[%clk 00:06:10]} {[%emt 00:00:10]}
Qc2 {[%clk 00:30:25]} {[%emt 00:00:25]} 29. Qf3 {[%clk 00:05:22]} {[%emt
00:00:53]} Qb3 {[%clk 00:29:50]} {[%emt 00:00:41]} 30. Qf1 {[%clk 00:04:53]}
{[%emt 00:00:33]} Qxd3 {[%clk 00:29:30]} {[%emt 00:00:25]} 31. Qe1 {[%clk
00:04:39]} {[%emt 00:00:19]} Qxe4 {[%clk 00:29:21]} {[%emt 00:00:15]} 32. Qf1
{[%clk 00:04:37]} {[%emt 00:00:06]} Qxf5 {[%clk 00:29:11]} {[%emt 00:00:15]}
33. Qe1 {[%clk 00:04:10]} {[%emt 00:00:32]} Qc2 {[%clk 00:29:02]} {[%emt
00:00:13]} 34. Kh1 {[%clk 00:03:44]} {[%emt 00:00:31]} d3 {[%clk 00:29:00]}
{[%emt 00:00:08]} 35. Qf1 {[%clk 00:03:11]} {[%emt 00:00:39]} dxe2 {[%clk
00:28:59]} {[%emt 00:00:06]} 36. Qf2 {[%clk 00:03:11]} {[%emt 00:00:04]} Qd1+
{[%clk 00:28:55]} {[%emt 00:00:08]} 37. Kh2 {[%clk 00:02:49]} {[%emt 00:00:28]}
Qd4 {[%clk 00:28:48]} {[%emt 00:00:12]} 38. Qxe2 {[%clk 00:02:44]} {[%emt
00:00:10]} Bh6 {[%clk 00:28:34]} {[%emt 00:00:18]} 39. Qf1 {[%clk 00:02:29]}
{[%emt 00:00:21]} Bf4+ {[%clk 00:28:32]} {[%emt 00:00:07]} 40. Kh1 {[%clk
00:02:30]} {[%emt 00:00:04]} Qc3 {[%clk 00:28:08]} {[%emt 00:00:29]} 41. Kg1
{[%clk 00:02:20]} {[%emt 00:00:15]} Qc1 {[%clk 00:28:06]} {[%emt 00:00:07]} 42.
Qxc1 {[%clk 00:02:18]} {[%emt 00:00:07]} Bxc1 {[%clk 00:28:07]} {[%emt
00:00:05]} 43. Kf2 {[%clk 00:02:21]} {[%emt 00:00:02]} Kg7 {[%clk 00:28:09]}
{[%emt 00:00:03]} 44. Kf3 {[%clk 00:02:23]} {[%emt 00:00:03]} Kf6 {[%clk
00:28:10]} {[%emt 00:00:04]} 45. Ke4 {[%clk 00:02:24]} {[%emt 00:00:03]} Bxa3
{[%clk 00:28:11]} {[%emt 00:00:04]} 46. Kf3 {[%clk 00:02:26]} {[%emt 00:00:03]}
Bxb4 {[%clk 00:28:11]} {[%emt 00:00:06]} 47. Ke4 {[%clk 00:02:25]} {[%emt
00:00:05]} Bc5 {[%clk 00:28:09]} {[%emt 00:00:07]} 48. Kd3 {[%clk 00:02:21]}
{[%emt 00:00:09]} a5 {[%clk 00:28:10]} {[%emt 00:00:04]} 49. Kc2 {[%clk
00:02:22]} {[%emt 00:00:04]} b4 {[%clk 00:28:12]} {[%emt 00:00:03]} 50. Kb3
{[%clk 00:02:23]} {[%emt 00:00:04]} Ke6 {[%clk 00:28:10]} {[%emt 00:00:07]} 51.
Ka4 {[%clk 00:02:18]} {[%emt 00:00:10]} Kd5 {[%clk 00:28:09]} {[%emt 00:00:05]}
52. Kb3 {[%clk 00:02:21]} {[%emt 00:00:03]} e4 {[%clk 00:28:07]} {[%emt
00:00:06]} 53. Kc2 {[%clk 00:02:19]} {[%emt 00:00:08]} a4 {[%clk 00:28:09]}
{[%emt 00:00:04]} 54. Kb2 {[%clk 00:01:57]} {[%emt 00:00:26]} e3 {[%clk
00:28:09]} {[%emt 00:00:04]} 55. Kc2 {[%clk 00:02:01]} {[%emt 00:00:02]} b3+
{[%clk 00:28:06]} {[%emt 00:00:08]} 56. Kb2 {[%clk 00:02:02]} {[%emt 00:00:04]}
e2 {[%clk 00:28:08]} {[%emt 00:00:04]} 57. Kc1 {[%clk 00:02:05]} {[%emt
00:00:02]} e1=Q+ {[%clk 00:28:08]} {[%emt 00:00:05]} 58. Kb2 {[%clk 00:02:08]}
{[%emt 00:00:02]} Qd2+ {[%clk 00:27:55]} {[%emt 00:00:17]} 59. Kb1 {[%clk
00:02:09]} {[%emt 00:00:04]} Ba3 {[%clk 00:27:47]} {[%emt 00:00:13]} 60. Ka1
{[%clk 00:01:55]} {[%emt 00:00:20]} Qb2# {[%clk 00:55:05]} {[%emt 00:00:03]}
0-1